000 00397nab a2200145Ia 4500
003 ES-SlBCS
005 20210601134614.0
008 140529s1989 xxu||||| |||| 00| 0 spa d
041 _aspa
100 1 _aLanz, Rigoberto
_9220339
245 0 0 _aRepensar el Método
_c Rigoberto Lanz
650 0 4 _aMétodo
_9130412
773 0 _tAnthropos
_gvol. 10, nº. 18, 1989, págs. 113-120
_wRev38
942 _cAR
999 _c615163
_d615163